000
00310nam a22001331a 4500
020
_a
9789378313257
082
_a
910
_b
QUR/P
100
_a
Qureshi M H
245
_a
Paradigm shift in geography/
_c
by Qureshi M H
260
_a
New Delhi:
_b
Manak,
_c
2013.
300
_a
352p.
650
_a
Geography
942
_c
BK
999
_c
33423
_d
33423